[Event "XIV Festival A"]
[Site "Cesenatico ITA"]
[Date "2010.09.06"]
[Round "9"]
[White "Lain, Luigi"]
[Black "Dittmar, Peter"]
[WhiteElo "2218"]
[BlackElo "2326"]
[Result "1-0"]
[PlyCount "83"]
[EventDate "2010.08.30"]

1. d4 Nf6 2. c4 e6 3. Nc3 Bb4 4. Qc2 Nc6 5. Nf3 d6 6. Bg5 h6 7. Bxf6 Qxf6 8. a3
Bxc3+ 9. Qxc3 O-O 10. e4 e5 11. d5 Nd4 12. Nxd4 exd4 13. Qc2 c5 14. dxc6 bxc6
15. c5 d5 16. Bd3 dxe4 17. Bxe4 Ba6 18. O-O-O Rab8 19. Rd2 Rfd8 20. Rhd1 Rb7
21. Qa4 Bb5 22. Rxd4 Re8 23. Qc2 Rbe7 24. f3 Re5 25. g3 Qe6 26. Kb1 f5 27. Rd6
Qc8 28. Bd3 Bxd3 29. R1xd3 Qa6 30. Rd7 R5e7 31. Rxe7 Rxe7 32. Rd8+ Kh7 33.
Qxf5+ g6 34. Qd3 Qa5 35. Rd6 Qe1+ 36. Ka2 Rg7 37. Rxc6 Qc1 38. h4 h5 39. g4
hxg4 40. fxg4 Qf4 41. h5 Qxg4 42. Rxg6 1-0

[Event "XIV Festival A"]
[Site "Cesenatico ITA"]
[Date "2010.09.06"]
[Round "9"]
[White "Friedrich, Norbert"]
[Black "Calavalle, Giulio"]
[WhiteElo "2315"]
[BlackElo "2201"]
[Result "1/2-1/2"]
[PlyCount "95"]
[EventDate "2010.08.30"]

1. e4 c5 2. Nf3 Nc6 3. c3 d6 4. d4 cxd4 5. cxd4 g6 6. h3 Bg7 7. Nc3 Nf6 8. Bd3
O-O 9. O-O a6 10. Be3 b5 11. Qe2 Bb7 12. Rfd1 Nd7 13. Rac1 Rc8 14. a4 b4 15.
Nd5 e6 16. Nf4 Qa5 17. Qd2 Ne7 18. Ne2 Rxc1 19. Rxc1 Rc8 20. Rxc8+ Bxc8 21. Qc2
Qb6 22. Nd2 Qb8 23. Bg5 f6 24. Be3 f5 25. f3 d5 26. e5 Qb6 27. Bf2 Nc6 28. Nb3
Bf8 29. Nf4 Kf7 30. g4 Bh6 31. Nxe6 Kxe6 32. gxf5+ Ke7 33. fxg6 hxg6 34. Bxg6
Ndxe5 35. dxe5 Be3 36. f4 Nxe5 37. fxe5 Bxf2+ 38. Qxf2 Qxg6+ 39. Kh2 Qd3 40.
Qf6+ Ke8 41. Qh8+ Ke7 42. Qg7+ Ke8 43. Qg8+ Ke7 44. Qg5+ Ke8 45. Qh5+ Ke7 46.
Qh4+ Ke8 47. Qh8+ Ke7 48. Qf6+ 1/2-1/2

[Event "XIV Festival A"]
[Site "Cesenatico ITA"]
[Date "2010.09.06"]
[Round "9"]
[White "Klocker, Benedikt"]
[Black "Tocchioni, Doriano"]
[WhiteElo "2211"]
[BlackElo "2312"]
[Result "1-0"]
[PlyCount "73"]
[EventDate "2010.08.30"]

1. e4 Nc6 2. Nf3 d6 3. d4 Nf6 4. Nc3 Bg4 5. Be3 a6 6. Be2 e5 7. O-O Be7 8. d5
Nb8 9. Nd2 Qc8 10. h3 Bd7 11. f4 exf4 12. Bxf4 O-O 13. Bd3 Be8 14. Nf3 Nfd7 15.
e5 dxe5 16. Nxe5 Nc5 17. Be2 Nbd7 18. Nc4 Bf6 19. d6 c6 20. Bg4 Ne6 21. Be3 b5
22. Nb6 Qb7 23. Nxa8 Qxa8 24. Rb1 Bxc3 25. bxc3 Qd8 26. Bxe6 fxe6 27. Qg4 Rxf1+
28. Rxf1 Bf7 29. Qf3 Bg6 30. Qxc6 Bxc2 31. Qxa6 Bd3 32. Rf2 e5 33. a4 Qb8 34.
axb5 Bxb5 35. Qa2+ Kh8 36. Rb2 Qb7 37. Qa5 1-0

[Event "XIV Festival A"]
[Site "Cesenatico ITA"]
[Date "2010.09.06"]
[Round "9"]
[White "Ladenhauf, Gideon"]
[Black "Vuelban, Virgilio"]
[WhiteElo "1975"]
[BlackElo "2358"]
[Result "0-1"]
[PlyCount "88"]
[EventDate "2010.08.30"]

1. d4 Nf6 2. c4 e6 3. Nc3 Bb4 4. e3 b6 5. Bd3 Bb7 6. Nf3 O-O 7. O-O Bxc3 8.
bxc3 d6 9. Nd2 c5 10. Qc2 Nc6 11. Ba3 h6 12. Rab1 Qc7 13. Ne4 Nxe4 14. Bxe4 Na5
15. Bxb7 Qxb7 16. Qa4 Qc6 17. Qb5 Rac8 18. d5 Qxb5 19. cxb5 exd5 20. Rbd1 Nc4
21. Bc1 a6 22. bxa6 Ra8 23. Rxd5 Rxa6 24. a3 b5 25. Rfd1 Rb8 26. Kf1 Rbb6 27.
Ke2 Nxa3 28. Bxa3 Rxa3 29. Rxd6 Rxd6 30. Rxd6 Rxc3 31. Rd8+ Kh7 32. Kd2 Ra3 33.
Rd5 Ra2+ 34. Ke1 Rc2 35. Rf5 Kg6 36. Rf4 b4 37. Kd1 b3 38. g4 c4 39. h4 c3 40.
h5+ Kh7 41. Rb4 Rd2+ 42. Kc1 b2+ 43. Kb1 Rd1+ 44. Kc2 Rc1+ 0-1

[Event "XIV Festival A"]
[Site "Cesenatico ITA"]
[Date "2010.09.06"]
[Round "9"]
[White "Damia, Angelo"]
[Black "Gazzarri, Alberto"]
[WhiteElo "2281"]
[BlackElo "2063"]
[Result "1-0"]
[PlyCount "55"]
[EventDate "2010.08.30"]

1. e4 e5 2. Nf3 Nc6 3. d4 exd4 4. Nxd4 Nf6 5. Nc3 Bb4 6. Nxc6 bxc6 7. Bd3 d5 8.
exd5 cxd5 9. Qe2+ Be7 10. Bg5 O-O 11. O-O-O c6 12. Rhe1 Be6 13. Bf5 Ne4 14.
Bxe7 Qxe7 15. Bxe4 dxe4 16. Qxe4 Rab8 17. Re3 Qc7 18. Qe5 Qb7 19. b3 Qa6 20.
Rg3 Qa3+ 21. Kb1 g6 22. Ne4 Rb5 23. Nf6+ Kh8 24. Qa1 Bf5 25. Nd7+ Kg8 26. Nxf8
Qxf8 27. Qf6 Rb8 28. Qxf5 1-0

[Event "XIV Festival A"]
[Site "Cesenatico ITA"]
[Date "2010.09.06"]
[Round "9"]
[White "Stips, Felix"]
[Black "Bonugli, Carlo"]
[WhiteElo "2206"]
[BlackElo "2032"]
[Result "1-0"]
[PlyCount "67"]
[EventDate "2010.08.30"]

1. Nf3 Nf6 2. c4 g6 3. Nc3 Bg7 4. e4 d6 5. d4 O-O 6. Be2 Nbd7 7. O-O e5 8. Be3
exd4 9. Nxd4 Nc5 10. f3 c6 11. b4 Ne6 12. Qd2 Nxd4 13. Bxd4 c5 14. bxc5 dxc5
15. Be3 Qxd2 16. Bxd2 Be6 17. Rab1 Rfd8 18. Be3 b6 19. Nb5 Bd7 20. Rfd1 Ne8 21.
Rd3 Bxb5 22. cxb5 Nc7 23. Rbd1 Rxd3 24. Rxd3 Nxb5 25. Rd7 Nd4 26. Bc4 Ne6 27.
f4 a6 28. f5 gxf5 29. exf5 Bd4 30. Bxd4 Nxd4 31. Rxf7 b5 32. Ra7+ bxc4 33.
Rxa8+ Kf7 34. Rc8 1-0

[Event "XIV Festival A"]
[Site "Cesenatico ITA"]
[Date "2010.09.06"]
[Round "9"]
[White "Barlocco, Carlo"]
[Black "Scarpa, Mauro"]
[WhiteElo "2183"]
[BlackElo "1874"]
[Result "1-0"]
[PlyCount "131"]
[EventDate "2010.08.30"]

1. Nf3 d5 2. c4 d4 3. g3 c5 4. Bg2 Nc6 5. O-O Nf6 6. a3 e5 7. d3 Bd6 8. e3 O-O
9. exd4 exd4 10. Nbd2 Bf5 11. Qc2 Qd7 12. Ng5 Rfe8 13. Rb1 Ne5 14. Nge4 Nxe4
15. Nxe4 Rab8 16. b4 b6 17. Re1 Bg4 18. Nd2 Qf5 19. Be4 Nf3+ 20. Nxf3 Bxf3 21.
Bxf3 Rxe1+ 22. Kg2 Re7 23. b5 Rbe8 24. a4 Qg6 25. Bd2 f5 26. Bc6 Rf8 27. f4
Re2+ 28. Kh1 Qh5 29. Bg2 Rfe8 30. Rf1 g5 31. Qd1 g4 32. Re1 Rxe1+ 33. Bxe1 Re7
34. Bf2 Qg6 35. h4 gxh3 36. Bxh3 Qf6 37. Qh5 Qg6 38. Qf3 Qe6 39. Qa8+ Kg7 40.
Kg2 Qe2 41. Bxf5 Rf7 42. Qd5 Qe7 43. Be4 Rf6 44. Qg5+ Kh8 45. Qh4 Qg7 46. Kf3
Rh6 47. Qd8+ Bf8 48. g4 Rd6 49. Qe8 Qh6 50. g5 Re6 51. Qc8 Qh5+ 52. Kg3 Qe8 53.
Qb7 Re7 54. Qd5 Rd7 55. Qf5 Rf7 56. Qh3 Qd7 57. Qh4 Qe7 58. Kf3 Qd6 59. f5 Be7
60. Qh5 Rg7 61. f6 Bxf6 62. gxf6 Qxf6+ 63. Qf5 Qe7 64. Bg3 Rg5 65. Be5+ Rg7 66.
Qxh7# 1-0

[Event "XIV Festival A"]
[Site "Cesenatico ITA"]
[Date "2010.09.06"]
[Round "9"]
[White "Pascucci, Marco"]
[Black "Facchetti, Gianni"]
[WhiteElo "2021"]
[BlackElo "2151"]
[Result "1/2-1/2"]
[PlyCount "100"]
[EventDate "2010.08.30"]

1. d4 Nf6 2. Nc3 d5 3. Bg5 c6 4. f3 Bf5 5. Qd2 Nbd7 6. O-O-O h6 7. Bf4 e6 8. e3
a5 9. g4 Bg6 10. Bd3 Bxd3 11. Qxd3 a4 12. e4 dxe4 13. fxe4 Bb4 14. Nge2 a3 15.
b3 Qa5 16. d5 e5 17. g5 exf4 18. gxf6 Ne5 19. Qd4 gxf6 20. dxc6 bxc6 21. Rhf1
Bc5 22. Qa4 Be3+ 23. Kb1 f3 24. Nd4 Qxa4 25. Nxa4 f2 26. Nf5 Ba7 27. c4 Rg8 28.
c5 Rg2 29. Rd2 Rxh2 30. Rdxf2 Rxf2 31. Rxf2 Nd3 32. Rg2 O-O-O 33. Nxh6 Nxc5 34.
Nxc5 Bxc5 35. Rg8 Rxg8 36. Nxg8 Bd4 37. Kc2 Kd7 38. Kd3 Bb2 39. Nh6 Ke6 40. Nf5
Ke5 41. Ne7 Kd6 42. Nf5+ Ke6 43. Nh6 Bc1 44. Nf5 Bf4 45. Nd4+ Kd7 46. Nf5 Be5
47. Kc4 Bb2 48. Kd3 Ke6 49. Ne3 Bc1 50. Nf5 Bb2 1/2-1/2

[Event "XIV Festival A"]
[Site "Cesenatico ITA"]
[Date "2010.09.06"]
[Round "9"]
[White "Gennari, Leone"]
[Black "Rotoni, Matteo"]
[WhiteElo "2025"]
[BlackElo "2148"]
[Result "0-1"]
[PlyCount "90"]
[EventDate "2010.08.30"]

1. d4 d5 2. c4 Nc6 3. cxd5 Qxd5 4. e3 e5 5. Nc3 Bb4 6. Bd2 Bxc3 7. bxc3 Nf6 8.
f3 O-O 9. Bd3 exd4 10. cxd4 Nxd4 11. exd4 Qxd4 12. Be2 Bf5 13. Rc1 Rad8 14. g4
Bg6 15. h4 h5 16. Rc4 Qe5 17. g5 Qg3+ 18. Kf1 Nd5 19. Qe1 Qe5 20. f4 Qb2 21. a4
Rfe8 22. Rh3 Nb6 23. Bc1 Qb1 24. Rb4 Qa2 25. Ra3 Qd5 26. Qf2 Qd7 27. a5 Nd5 28.
Rbb3 b6 29. axb6 axb6 30. Bf3 c5 31. Bxd5 Qxd5 32. Re3 c4 33. Rxe8+ Rxe8 34.
Re3 Bd3+ 35. Ne2 Rxe3 36. Qxe3 Qh1+ 37. Qg1 Bxe2+ 38. Kf2 Qf3+ 39. Ke1 Bd3 40.
Qf2 Qh1+ 41. Kd2 b5 42. Bb2 b4 43. f5 Qd5 44. Qd4 c3+ 45. Bxc3 bxc3+ 0-1

[Event "LII Festival A"]
[Site "Imperia ITA"]
[Date "2010.08.29"]
[Round "1"]
[White "Cavatorta, Fosco"]
[Black "Brih, Said"]
[WhiteElo "1965"]
[BlackElo "2352"]
[Result "0-1"]
[PlyCount "84"]
[EventDate "2010.08.29"]

1. d4 Nf6 2. Nf3 g6 3. Nc3 d5 4. Bf4 Bg7 5. e3 O-O 6. Be2 c5 7. Ne5 Nc6 8. O-O
Bf5 9. g4 Be6 10. Qd2 Nxe5 11. Bxe5 Nxg4 12. Bxg7 Kxg7 13. dxc5 Nf6 14. Qd4 Qc7
15. a3 Rac8 16. b4 Kg8 17. f4 b6 18. Ba6 bxc5 19. bxc5 Rb8 20. Rab1 Bh3 21.
Rfe1 Qd7 22. Be2 Bg4 23. Rbd1 Rfd8 24. Rd2 Rbc8 25. Bxg4 Qxg4+ 26. Rg2 Qe6 27.
Rg5 Qc6 28. Ne2 Qxc5 29. Qxc5 Rxc5 30. Nd4 Ne4 31. Rg2 Rb8 32. f5 Rc3 33. fxg6
hxg6 34. a4 Rxe3 35. Rxg6+ fxg6 36. Rxe3 Rb1+ 37. Kg2 Rb2 38. Kf3 Kf7 39. Kg4
Rb4 40. Rf3+ Nf6+ 41. Rxf6+ Kxf6 42. c3 Rxa4 0-1

[Event "LII Festival A"]
[Site "Imperia ITA"]
[Date "2010.08.29"]
[Round "1"]
[White "Cornaggia, Ranieri"]
[Black "Payen, Arnaud"]
[WhiteElo "1994"]
[BlackElo "2372"]
[Result "0-1"]
[PlyCount "82"]
[EventDate "2010.08.29"]

1. e4 g6 2. d4 Bg7 3. c4 c5 4. Nf3 cxd4 5. Nxd4 Nc6 6. Be3 Nh6 7. Nc3 d6 8. Be2
O-O 9. O-O f5 10. f3 fxe4 11. fxe4 Rxf1+ 12. Kxf1 Nf7 13. Qd2 Nfe5 14. h3 Nxd4
15. Bxd4 Be6 16. Nd5 Rc8 17. b3 Qf8+ 18. Kg1 Nc6 19. Bxg7 Qxg7 20. Rd1 Qe5 21.
Bf3 Rf8 22. Rf1 Kg7 23. b4 Qg3 24. Qf2 Qe5 25. b5 Nd4 26. Qe3 Rf7 27. a4 b6 28.
Bd1 Bxd5 29. cxd5 Rxf1+ 30. Kxf1 Nf5 31. Qe1 Ng3+ 32. Kg1 Nxe4 33. Bf3 Nf6 34.
Qxe5 dxe5 35. g4 g5 36. Kf2 Kf7 37. Ke3 Ke8 38. h4 h6 39. hxg5 hxg5 40. Kd3 Kd7
41. Kc4 Kd6 0-1

[Event "LII Festival A"]
[Site "Imperia ITA"]
[Date "2010.08.29"]
[Round "1"]
[White "Cugini, Verter"]
[Black "Malano, Francesco"]
[WhiteElo "2122"]
[BlackElo "1916"]
[Result "1/2-1/2"]
[PlyCount "92"]
[EventDate "2010.08.29"]

1. e4 c5 2. g3 Nc6 3. Bg2 g6 4. Ne2 Bg7 5. O-O d6 6. Nbc3 e5 7. Nd5 Nge7 8.
Nec3 Nxd5 9. Nxd5 Ne7 10. Nc3 O-O 11. d3 Rb8 12. Bg5 f6 13. Be3 b5 14. a3 Qc7
15. Qd2 a5 16. Bh6 Be6 17. Bxg7 Kxg7 18. Nd1 b4 19. axb4 axb4 20. Ne3 Ra8 21.
f4 Ra7 22. Qf2 Rxa1 23. Rxa1 Nc6 24. f5 Bg8 25. h4 Qb7 26. Bh3 Ra8 27. Rxa8
Qxa8 28. fxg6 hxg6 29. Ng4 Qf8 30. Qe3 Kh7 31. Qf2 Kg7 32. Ne3 Qe7 33. h5 Be6
34. Bxe6 Qxe6 35. hxg6 Kxg6 36. g4 Nd4 37. c3 bxc3 38. bxc3 Nb5 39. Qh2 Nxc3
40. Qh5+ Kg7 41. Nf5+ Kg8 42. Qg6+ Kf8 43. g5 Ne2+ 44. Kf2 Nf4 45. Qg7+ Ke8 46.
Qa7 Kd8 1/2-1/2

[Event "LII Festival A"]
[Site "Imperia ITA"]
[Date "2010.08.29"]
[Round "1"]
[White "Di Lascio, Savino"]
[Black "Angelini, Marco"]
[WhiteElo "1910"]
[BlackElo "2103"]
[Result "0-1"]
[PlyCount "116"]
[EventDate "2010.08.29"]

1. e4 c5 2. Nf3 d6 3. Bb5+ Nc6 4. O-O Bd7 5. Re1 e6 6. Nc3 Be7 7. d4 cxd4 8.
Nxd4 Nf6 9. Be3 O-O 10. Nxc6 bxc6 11. Ba4 Qc7 12. Qf3 Rab8 13. Rab1 Rb4 14. a3
Rb7 15. b4 Rfb8 16. Na2 c5 17. Bxd7 Qxd7 18. Bd2 cxb4 19. Rxb4 d5 20. Rxb7 Rxb7
21. exd5 Qxd5 22. Qxd5 Nxd5 23. c4 Nb6 24. Bb4 Nxc4 25. Rc1 Bxb4 26. axb4 Nb6
27. Kf1 g6 28. Ke1 Nd5 29. Rc4 Kg7 30. Kd1 Kf6 31. Ke2 Ke5 32. g3 g5 33. Kd3 f5
34. Kd2 g4 35. Nc1 Kd6 36. Na2 h5 37. Kd3 h4 38. Rd4 h3 39. Kc4 Rc7+ 40. Kb3
Ke5 41. Rd2 Ke4 42. Re2+ Kf3 43. Rxe6 Kg2 44. Rd6 Kxh2 45. Rxd5 Kg2 46. Rxf5
Rh7 47. Rf4 h2 48. Rxg4 Kxf2 49. Nc3 h1=Q 50. Ne4+ Ke3 51. Nc3 Rd7 52. Rg8 Rd3
53. Re8+ Kf3 54. Kc4 Rd7 55. Rf8+ Kxg3 56. Ne2+ Kg4 57. Rf4+ Kg5 58. Rf5+ Kxf5
0-1

[Event "LII Festival A"]
[Site "Imperia ITA"]
[Date "2010.08.29"]
[Round "1"]
[White "Dolezal, Radoslav jr"]
[Black "Curtacci, Sergio"]
[WhiteElo "2416"]
[BlackElo "1999"]
[Result "1-0"]
[PlyCount "79"]
[EventDate "2010.08.29"]

1. d4 d5 2. Nf3 e6 3. c4 Nf6 4. Nc3 Nbd7 5. cxd5 exd5 6. Bg5 Be7 7. e3 c6 8.
Bd3 Ne4 9. Bf4 Ndf6 10. Qc2 h6 11. Bxe4 dxe4 12. Nxe4 Nd5 13. Bg3 Bb4+ 14. Ned2
f5 15. Be5 O-O 16. O-O Be7 17. Nb3 Qe8 18. Rac1 Qh5 19. Nc5 g5 20. Qb3 g4 21.
Nd2 Bxc5 22. Rxc5 Rf7 23. Qa3 Be6 24. b4 Qg6 25. b5 Bd7 26. Rfc1 f4 27. e4 Nf6
28. bxc6 bxc6 29. Re1 f3 30. Ra5 Nh7 31. Rxa7 Rxa7 32. Qxa7 Ng5 33. Qb8+ Rf8
34. Qd6 Be6 35. d5 fxg2 36. dxe6 Nh3+ 37. Kxg2 Rxf2+ 38. Kh1 Qe8 39. Rb1 g3 40.
Bxg3 1-0

[Event "LII Festival A"]
[Site "Imperia ITA"]
[Date "2010.08.29"]
[Round "1"]
[White "Jurek, Josef"]
[Black "Faraci, Antonino"]
[WhiteElo "2352"]
[BlackElo "1973"]
[Result "1-0"]
[PlyCount "41"]
[EventDate "2010.08.29"]

1. Nf3 Nf6 2. c4 d6 3. d4 Nbd7 4. Nc3 e5 5. g3 c6 6. Qc2 exd4 7. Nxd4 Ne5 8. b3
d5 9. Bf4 Ng6 10. O-O-O Ba3+ 11. Kb1 Nxf4 12. gxf4 O-O 13. Rg1 Qa5 14. cxd5 Bb4
15. dxc6 Bxc3 16. Rg5 Nd5 17. Bg2 Bxd4 18. Rxd5 Qb6 19. R5xd4 bxc6 20. Qxc6
Bf5+ 21. Kb2 1-0

[Event "LII Festival A"]
[Site "Imperia ITA"]
[Date "2010.08.29"]
[Round "1"]
[White "Krouzel, Jaroslav"]
[Black "Morandi, Daniele"]
[WhiteElo "2224"]
[BlackElo "1958"]
[Result "1-0"]
[PlyCount "63"]
[EventDate "2010.08.29"]

1. d4 Nf6 2. c4 g6 3. Nc3 Bg7 4. e4 d6 5. Be2 O-O 6. Bg5 c5 7. d5 a6 8. a4 Qa5
9. Qd2 Bd7 10. Ra3 e6 11. Nf3 exd5 12. exd5 Bg4 13. O-O Nbd7 14. Qf4 Qb4 15.
Ra2 b5 16. cxb5 axb5 17. Bxb5 Bxf3 18. Qxf3 Qb3 19. Qd1 Qb4 20. Bc6 Ra5 21. Nb5
Ne5 22. Bd2 Nxc6 23. dxc6 Rxb5 24. Bxb4 Rxb4 25. Qxd6 Ne4 26. Qd3 Rd4 27. Qc2
Re8 28. Re1 f5 29. f3 Rd2 30. Qxd2 Nxd2 31. Rxe8+ Kf7 32. Rd8 1-0

[Event "LII Festival A"]
[Site "Imperia ITA"]
[Date "2010.08.29"]
[Round "1"]
[White "Mela, Riccardo"]
[Black "Rombaldoni, Denis"]
[WhiteElo "2017"]
[BlackElo "2493"]
[Result "0-1"]
[PlyCount "92"]
[EventDate "2010.08.29"]

1. e4 c5 2. Nf3 e6 3. d4 cxd4 4. Nxd4 a6 5. g3 Nf6 6. Bg2 Be7 7. O-O d6 8. c4
Qc7 9. b3 Nbd7 10. Bb2 h5 11. Qe2 h4 12. Re1 Ne5 13. Nd2 Bd7 14. Rac1 g5 15.
N4f3 hxg3 16. hxg3 g4 17. Nxe5 dxe5 18. c5 Bb5 19. Nc4 Rh5 20. a4 Bxc4 21. Qxc4
Qc6 22. Rc2 Kf8 23. Rd1 Kg7 24. Qe2 Rc8 25. Rdc1 Rch8 26. f4 gxf3 27. Qxf3 Rg5
28. b4 Qxa4 29. Bc3 Nh5 30. Be1 Qc6 31. Bf2 Rh7 32. Rd1 Qa4 33. Rcd2 Qxb4 34.
Rd7 Bf6 35. Qd3 Kg6 36. Rb1 Qa5 37. Rdxb7 Nxg3 38. Bxg3 Qxc5+ 39. Bf2 Qf8 40.
Kf1 Rh2 41. Bf3 Qh6 42. Qd7 Qh7 43. Ke2 Rg3 44. Rf1 Bg5 45. Rb6 Rxf3 46. Qe8
Kg7 0-1

[Event "LII Festival A"]
[Site "Imperia ITA"]
[Date "2010.08.29"]
[Round "1"]
[White "Mercandelli, Claudio"]
[Black "Pienabarca, Nicola"]
[WhiteElo "1903"]
[BlackElo "2068"]
[Result "0-1"]
[PlyCount "64"]
[EventDate "2010.08.29"]

1. Nf3 Nc6 2. e4 e5 3. Bc4 Nf6 4. d3 Be7 5. Nc3 O-O 6. O-O d6 7. h3 Na5 8. Qe2
Nxc4 9. dxc4 b6 10. Rd1 Bb7 11. Nxe5 Qc8 12. Nd3 Nd7 13. Nd5 Re8 14. f3 Bh4 15.
Ne3 Bf6 16. Rb1 Nf8 17. Nf4 Ne6 18. Ned5 Be5 19. Be3 c6 20. Nxe6 cxd5 21. Nd4
dxe4 22. fxe4 Bxe4 23. b3 Qb7 24. Qf2 Rad8 25. Rf1 d5 26. cxd5 Bxd5 27. c4 Be4
28. Rbd1 Rd6 29. Nf3 Rg6 30. Nh4 Bg3 31. Qe2 Bxh4 32. Bg5 Rxg5 0-1

[Event "LII Festival A"]
[Site "Imperia ITA"]
[Date "2010.08.29"]
[Round "1"]
[White "Mirzoev, Azer"]
[Black "Carosso, Andrea"]
[WhiteElo "2541"]
[BlackElo "2032"]
[Result "1-0"]
[PlyCount "71"]
[EventDate "2010.08.29"]

1. d4 d5 2. c4 c6 3. Nc3 Nf6 4. Nf3 a6 5. e3 b5 6. b3 e6 7. Bd3 Bb4 8. Bd2 Bb7
9. O-O Nbd7 10. Nxd5 Nxd5 11. cxd5 Bxd2 12. dxe6 fxe6 13. Nxd2 O-O 14. Ne4 Qe7
15. Qc2 g6 16. Rad1 Rad8 17. f4 Nf6 18. Qc5 Rd7 19. Qxe7 Rxe7 20. Rc1 Nd5 21.
Rfe1 Rb8 22. a3 Kg7 23. h4 h6 24. g3 Nf6 25. Nxf6 Kxf6 26. Rc5 Rc8 27. Be4 Rec7
28. Rec1 h5 29. Kf2 Ba8 30. Ke2 Bb7 31. Kd2 Ba8 32. Rg5 Rg7 33. Rcc5 Rcc7 34.
Kc3 a5 35. a4 Bb7 36. Kd2 1-0

[Event "LII Festival A"]
[Site "Imperia ITA"]
[Date "2010.08.29"]
[Round "1"]
[White "Mitura, Vaclav"]
[Black "Morselli, Stefano"]
[WhiteElo "2150"]
[BlackElo "1924"]
[Result "1-0"]
[PlyCount "80"]
[EventDate "2010.08.29"]

1. d4 Nf6 2. c4 e5 3. dxe5 Ne4 4. Nf3 Bb4+ 5. Nbd2 Nc6 6. a3 Bxd2+ 7. Nxd2 Nxd2
8. Bxd2 Nxe5 9. e3 d6 10. Bc3 Bf5 11. Be2 Qe7 12. c5 Rd8 13. Qd5 O-O 14. cxd6
cxd6 15. f4 Ng4 16. Qxf5 Nxe3 17. Qg5 f6 18. Qg3 Rfe8 19. Kf2 d5 20. Bd2 Nc2
21. Bd3 Qc5+ 22. Kf3 h5 23. Qf2 Nd4+ 24. Kg3 h4+ 25. Kh3 Qc8+ 26. f5 Re4 27.
Rhf1 g5 28. g4 hxg3 29. hxg3 g4+ 30. Kg2 Nf3 31. Bxe4 dxe4 32. Bf4 Qxf5 33.
Rad1 Rd3 34. Rxd3 exd3 35. Qe3 Qd5 36. Rxf3 gxf3+ 37. Qxf3 Qd4 38. Qf2 Qd5+ 39.
Kg1 Qb3 40. Qd2 Kf7 1-0

[Event "LII Festival A"]
[Site "Imperia ITA"]
[Date "2010.08.29"]
[Round "1"]
[White "Miturova, Magdalena"]
[Black "Formento, Paolo"]
[WhiteElo "2086"]
[BlackElo "1904"]
[Result "1-0"]
[PlyCount "103"]
[EventDate "2010.08.29"]

1. e4 e5 2. Nf3 Nc6 3. Bb5 a6 4. Ba4 f5 5. exf5 e4 6. Qe2 Qe7 7. Bxc6 dxc6 8.
Nd4 Nf6 9. Nc3 Qe5 10. Ne6 Bxe6 11. fxe6 O-O-O 12. d3 Bb4 13. Bd2 Bxc3 14. Bxc3
Qxe6 15. O-O Rhe8 16. Rfe1 Qf5 17. Bxf6 Qxf6 18. dxe4 Qxb2 19. e5 Qb4 20. Rab1
Qf4 21. g3 Qg5 22. f4 Qf5 23. Qf2 Kb8 24. Qc5 Re6 25. Qb4 b6 26. Qc4 Ka7 27.
Rbd1 Rxd1 28. Rxd1 Qg4 29. Rd7 Kb7 30. Qd3 h5 31. Rf7 Re8 32. Qd7 Qxd7 33. Rxd7
g6 34. Kf2 b5 35. Ke3 c5 36. Rf7 c4 37. Rf6 Rd8 38. Rxg6 b4 39. f5 c3 40. f6 a5
41. f7 a4 42. e6 b3 43. axb3 axb3 44. e7 bxc2 45. exd8=Q c1=Q+ 46. Ke4 Qe1+ 47.
Kf5 Qf2+ 48. Ke6 Qe3+ 49. Kf6 Qf3+ 50. Kg7 c2 51. f8=Q Qc3+ 52. Kh7 1-0

[Event "LII Festival A"]
[Site "Imperia ITA"]
[Date "2010.08.29"]
[Round "1"]
[White "Noli, Giovanni"]
[Black "Van Hoolandt, Patrick"]
[WhiteElo "1924"]
[BlackElo "2171"]
[Result "0-1"]
[PlyCount "50"]
[EventDate "2010.08.29"]

1. d4 Nf6 2. c4 e6 3. Nc3 Bb4 4. Bg5 h6 5. Bh4 c5 6. e3 b6 7. Qf3 Nc6 8. Bd3
Bb7 9. Rd1 g5 10. Bg3 cxd4 11. exd4 d5 12. Qe3 dxc4 13. Bxc4 Nd5 14. Qc1 Rc8
15. Nf3 Nce7 16. Bb5+ Kf8 17. O-O Bxc3 18. Qb1 Bb4 19. Ne5 Nf6 20. f4 Qd5 21.
Rf2 Ne4 22. fxg5 Nxf2 23. Nd7+ Kg7 24. Be5+ f6 25. Bxf6+ Kg8 0-1

[Event "LII Festival A"]
[Site "Imperia ITA"]
[Date "2010.08.29"]
[Round "1"]
[White "Pesce, Gabriele"]
[Black "Van der Borck, Alexis"]
[WhiteElo "2174"]
[BlackElo "1928"]
[Result "0-1"]
[PlyCount "56"]
[EventDate "2010.08.29"]

1. e4 c5 2. Nc3 Nc6 3. f4 g6 4. Nf3 Bg7 5. Bc4 e6 6. d3 Nge7 7. e5 O-O 8. O-O
f6 9. exf6 Bxf6 10. Qe2 d5 11. Bb3 Nf5 12. Re1 Ncd4 13. Nxd4 Bxd4+ 14. Kf1 Qh4
15. Qf3 Qxh2 16. Ke2 e5 17. Bxd5+ Kh8 18. Kd1 Nh4 19. Qf1 exf4 20. Qh1 Qxh1 21.
Rxh1 Bg4+ 22. Kd2 f3 23. gxf3 Nxf3+ 24. Bxf3 Rxf3 25. Ne4 Re8 26. c3 Rf2+ 27.
Ke1 Re2+ 28. Kd1 Rh2+ 0-1

[Event "LII Festival A"]
[Site "Imperia ITA"]
[Date "2010.08.29"]
[Round "1"]
[White "Zach, Andreas"]
[Black "Ingerl, Florian"]
[WhiteElo "2314"]
[BlackElo "1963"]
[Result "1/2-1/2"]
[PlyCount "21"]
[EventDate "2010.08.29"]

1. d3 b6 2. f4 f5 3. e4 e6 4. g3 Bb7 5. Bg2 Nf6 6. Nc3 Bb4 7. Nge2 O-O 8. O-O
Na6 9. a3 Bxc3 10. Nxc3 d6 11. Qe2 1/2-1/2

[Event "LII Festival A"]
[Site "Imperia ITA"]
[Date "2010.08.30"]
[Round "2"]
[White "Brih, Said"]
[Black "Mitura, Karel"]
[WhiteElo "2352"]
[BlackElo "2049"]
[Result "1-0"]
[PlyCount "101"]
[EventDate "2010.08.29"]

1. Nf3 Nf6 2. b4 d6 3. Bb2 e5 4. e3 g6 5. c4 Bg7 6. d3 O-O 7. Be2 Nc6 8. b5 Ne7
9. Nc3 Nd7 10. d4 b6 11. O-O Bb7 12. Qc2 h6 13. Rfd1 f5 14. dxe5 dxe5 15. c5
bxc5 16. Bc4+ Kh7 17. Be6 Bc8 18. Qd2 Rf6 19. Bxd7 Rd6 20. Qc2 Bxd7 21. Na4
Bxb5 22. Nxc5 Qh8 23. Qb3 Bc6 24. Qf7 Bxf3 25. gxf3 Qf8 26. Qxf8 Rxf8 27. Rxd6
cxd6 28. Ne6 Rc8 29. Rd1 Rc6 30. f4 Bh8 31. Ba3 Nc8 32. Nf8+ Kg7 33. fxe5 Kxf8
34. exd6 Nxd6 35. Bxd6+ Kf7 36. Bb4 Rc7 37. Rd8 Bg7 38. Bd6 Rc1+ 39. Kg2 Rd1
40. a4 Ke6 41. Re8+ Kf7 42. Re7+ Kf6 43. Rd7 Rd5 44. f4 Ke6 45. Rxg7 Rxd6 46.
Rxg6+ Kd5 47. Rxd6+ Kxd6 48. Kf3 Kd5 49. h3 h5 50. a5 a6 51. h4 1-0

[Event "LII Festival A"]
[Site "Imperia ITA"]
[Date "2010.08.30"]
[Round "2"]
[White "Carosso, Andrea"]
[Black "Noli, Giovanni"]
[WhiteElo "2032"]
[BlackElo "1924"]
[Result "1/2-1/2"]
[PlyCount "80"]
[EventDate "2010.08.29"]

1. d4 d5 2. Nf3 Nf6 3. Bg5 e6 4. e3 Nbd7 5. Bd3 c5 6. c3 cxd4 7. exd4 h6 8. Bh4
Be7 9. Nbd2 a6 10. Ne5 Nxe5 11. dxe5 Nd7 12. Bg3 Bh4 13. Nf3 Bxg3 14. hxg3 Qc7
15. Qe2 Nc5 16. Bc2 Bd7 17. a4 Bc6 18. Nd4 Nd7 19. f4 Nb6 20. Qg4 O-O-O 21. Qe2
Bd7 22. O-O Rdf8 23. Rfc1 g5 24. Bd3 Kb8 25. a5 Nc4 26. b4 f6 27. Nf3 h5 28.
Bxc4 dxc4 29. fxg5 fxg5 30. Nxg5 Rhg8 31. Nh7 Rf5 32. Nf6 Rxg3 33. Nxd7+ Qxd7
34. Qxc4 Rxe5 35. Qf4 Qg7 36. Rc2 Ka8 37. Rf1 Rf5 38. Qd6 Rxf1+ 39. Kxf1 Rxc3
40. Qd8+ Ka7 1/2-1/2

[Event "LII Festival A"]
[Site "Imperia ITA"]
[Date "2010.08.30"]
[Round "2"]
[White "De Marco, Walter"]
[Black "Blasco, Domenico"]
[WhiteElo "1900"]
[BlackElo "1961"]
[Result "1/2-1/2"]
[PlyCount "47"]
[EventDate "2010.08.29"]

1. g3 g6 2. Bg2 Bg7 3. d3 d5 4. Nc3 Nf6 5. Bd2 O-O 6. Qc1 Re8 7. Nh3 c6 8. f3
e5 9. Nf2 d4 10. Ncd1 Nbd7 11. O-O Nb6 12. Bg5 Qc7 13. e4 dxe3 14. Bxe3 Nbd5
15. Bd2 Nh5 16. Nc3 f5 17. Re1 Bd7 18. Ne2 Qb6 19. Rb1 a5 20. Kf1 Nhf6 21. a3
Re7 22. c4 Nc7 23. Nc3 Nce8 24. Na4 1/2-1/2

[Event "LII Festival A"]
[Site "Imperia ITA"]
[Date "2010.08.30"]
[Round "2"]
[White "Faraci, Antonino"]
[Black "Mercandelli, Claudio"]
[WhiteElo "1973"]
[BlackElo "1903"]
[Result "1/2-1/2"]
[PlyCount "64"]
[EventDate "2010.08.29"]

1. Nf3 f5 2. d3 Nf6 3. Bg5 d6 4. Bxf6 exf6 5. g3 Nc6 6. Bg2 Be6 7. Nc3 a6 8.
Qd2 d5 9. d4 Bb4 10. a3 Bd6 11. Qe3 Kf7 12. Nd2 Ne7 13. O-O Qd7 14. f4 Rhe8 15.
Qd3 Kg8 16. Rf2 c5 17. e3 Rac8 18. dxc5 Bxc5 19. Nb3 Ba7 20. Rd1 d4 21. Nxd4
Bc4 22. Qd2 Rcd8 23. b3 Nd5 24. Nxd5 Bxd5 25. Bxd5+ Qxd5 26. Qd3 Rxe3 27. Qxe3
Bxd4 28. Rxd4 Qxd4 29. Qxd4 Rxd4 30. Kf1 b5 31. Ke2 Kf7 32. Rf3 Ke6 1/2-1/2